|
|
|
|
| LEADER |
00000nam0a2200000 4500 |
| 001 |
16762 |
| 005 |
20231030190627.0 |
| 035 |
|
|
|a (RuTPU)RU\TPU\book\16890
|
| 035 |
|
|
|a BOOK00001578
|
| 090 |
|
|
|a 16762
|
| 100 |
|
|
|a 20011209d1963 km y0rusy50 ca
|
| 101 |
0 |
|
|a rus
|
| 102 |
|
|
|a RU
|
| 105 |
|
|
|a y z 000zy
|
| 200 |
1 |
|
|a Парижская Коммуна. Эпоха империализма. Вопросы марксистской методологии
|
| 210 |
|
|
|d 1963
|
| 215 |
|
|
|a 503 с.
|
| 461 |
|
|
|t Избранные труды
|o В 3-х томах
|v Т. 3
|f Н. М. Лукин
|g Академия Наук СССР
|d 1963
|
| 610 |
1 |
|
|a история
|
| 610 |
1 |
|
|a Франция
|
| 610 |
1 |
|
|a Парижская Коммуна
|
| 610 |
1 |
|
|a 19 век
|
| 686 |
|
|
|a Т3(4Фра)5
|v LBC/SL-A
|2 rubbk
|
| 801 |
|
0 |
|a RU
|b 63413507
|c 20011209
|g PSBO
|
| 801 |
|
2 |
|a RU
|b 63413507
|c 20130421
|g PSBO
|
| 942 |
|
|
|c BK
|